000
00326nam a22001457a 4500
008
210527b ||||| |||| 00| 0 eng d
020
_a
0716712288
041
_a
eng
080
_a
621
082
_a
621
100
_a
26
101
_a
MEK
245
_a
Energy in Transition 1985-2010
_c
Claudia B. Anderson
942
_2
udc
_c
BK
999
_c
57723
_d
57723